[Event "Asian Games tt"]
[Site "Hangzhou"]
[Date "2023.09.29"]
[Round "1.8"]
[White "Xu, Xiangyu"]
[Black "Garcia, Jan Emmanuel"]
[Result "1-0"]
[WhiteElo "2626"]
[BlackElo "2418"]
[PlyCount "77"]
[EventDate "2023.09.29"]
[EventType "team-tourn"]
[EventRounds "9"]
[EventCountry "CHN"]
[SourceTitle "EXT 2024"]
[Source "ChessBase"]
[SourceDate "2023.10.10"]
[SourceVersion "1"]
[SourceVersionDate "2023.10.10"]
[SourceQuality "1"]
[WhiteTeam "China"]
[BlackTeam "Philippines"]
[WhiteTeamCountry "CHN"]
[BlackTeamCountry "PHI"]

1. d4 Nf6 2. c4 g6 3. f3 Bg7 4. e4 d6 5. Nc3 0-0 6. Be3 e5 7. d5 a5 8. Bd3 Na6 9. Nge2 Nc5 10. Bc2 c6 11. 0-0 cxd5 12. cxd5 Bd7 13. a3 Rc8 14. Qd2 Nh5 15. Rfc1 f5 16. b4 Na6 17. Rab1 axb4 18. axb4 Nf4 19. Nxf4 exf4 20. Bd4 Bxd4+ 21. Qxd4 Qf6 22. Qxf6 Rxf6 23. Bd3 Rff8 24. Kf2 Kg7 25. Bxa6 bxa6 26. Ra1 Rc7 27. exf5 Rfc8 28. Rxa6 Bxf5 29. Rc6 Rxc6 30. dxc6 Rxc6 31. b5 Rc4 32. b6 Rb4 33. Nd5 Rb2+ 34. Ke1 g5 35. Rc7+ Kh6 36. b7 Bd3 37. Rd7 g4 38. Rxd6+ Kg5 39. Rb6 1-0

[Event "Kuala Lumpur op 18th"]
[Site "Kuala Lumpur"]
[Date "2023.09.02"]
[Round "7"]
[White "Mitrabha, Guha"]
[Black "Garcia, Jan Emmanuel"]
[Result "1-0"]
[WhiteElo "2515"]
[BlackElo "2418"]
[PlyCount "133"]
[EventDate "2023.08.28"]
[EventType "swiss"]
[EventRounds "9"]
[EventCountry "MAS"]
[SourceTitle "EXT 2024"]
[Source "ChessBase"]
[SourceDate "2023.10.10"]
[SourceVersion "1"]
[SourceVersionDate "2023.10.10"]
[SourceQuality "1"]

1. c4 c5 2. Nf3 g6 3. d4 cxd4 4. Nxd4 Nc6 5. e4 Nf6 6. Nc3 d6 7. f3 Nxd4 8. Qxd4 Bg7 9. Be3 0-0 10. Qd2 Be6 11. Rc1 Qa5 12. Be2 Rfc8 13. b3 a6 14. Na4 Qxd2+ 15. Kxd2 Nd7 16. f4 Nc5 17. Nb6 Nxe4+ 18. Ke1 Nc3 19. a4 Na2 20. Rd1 Nc3 21. Rd2 Nxe2 22. Kxe2 Bc3 23. Ra2 a5 24. Nxc8 Rxc8 25. Bd2 Bxd2 26. Rxd2 Rc5 27. Ke3 Kg7 28. Rb1 Kf6 29. Rbb2 h5 30. Rd4 Rc6 31. Kd2 Bd7 32. Kc3 Ra6 33. Re4 Bc6 34. Re3 Ra7 35. Kd4 b6 36. Ra2 Bd7 37. g3 Rc7 38. Rb2 Ra7 39. Re1 Bc6 40. b4 axb4 41. Rxb4 Rxa4 42. Rxa4 Bxa4 43. Rb1 Bd7 44. Rxb6 Be6 45. Rb5 Bd7 46. Ra5 Be6 47. c5 dxc5+ 48. Rxc5 Bd7 49. Re5 Bf5 50. Kd5 e6+ 51. Kd6 Bc2 52. Kd7 Ba4+ 53. Kd8 Bc6 54. Kc7 Ba4 55. Ra5 Bb3 56. Re5 Ba4 57. Kc8 Bc6 58. Kd8 Ba4 59. h3 Bc6 60. g4 hxg4 61. hxg4 g5 62. Rxg5 Bf3 63. Ke8 Bd1 64. Kf8 Bb3 65. Rg7 e5 66. g5+ Kf5 67. fxe5 1-0

[Event "SEA Rapid 31st"]
[Site "Ha Long"]
[Date "2022.05.16"]
[Round "4.5"]
[White "Garcia, Jan Emmanuel"]
[Black "Kulpruethanon, Thanadon"]
[Result "1-0"]
[WhiteElo "2403"]
[BlackElo "2282"]
[PlyCount "130"]
[EventDate "2022.05.16"]
[EventType "swiss (rapid)"]
[EventRounds "5"]
[EventCountry "VIE"]
[SourceTitle "CBM 208 Extra"]
[Source "ChessBase"]
[SourceDate "2022.07.31"]
[SourceVersion "1"]
[SourceVersionDate "2022.07.31"]
[SourceQuality "1"]

1. c4 c5 2. g3 g6 3. Bg2 Bg7 4. Nc3 Nc6 5. e3 e6 6. Nge2 Nge7 7. Nf4 d6 8. 0-0 0-0 9. a3 b6 10. b4 Bb7 11. Rb1 Qd7 12. Ne4 Rac8 13. d3 Ne5 14. Bb2 Ba8 15. Qe2 h6 16. h3 Rfe8 17. Rfc1 f5 18. Nd2 Bxg2 19. Nxg2 g5 20. f4 Nf7 21. Bxg7 Kxg7 22. Rf1 Ng8 23. e4 Nf6 24. Ne3 fxe4 25. dxe4 gxf4 26. Rxf4 Ne5 27. Rbf1 Rf8 28. Qd1 Qe7 29. Nf3 Nfd7 30. Nh4 Rxf4 31. Rxf4 Rf8 32. Rxf8 Qxf8 33. Kg2 Qf6 34. Qxd6 cxb4 35. axb4 Nf8 36. c5 Nf7 37. Qd2 bxc5 38. bxc5 Qe5 39. Qc2 Ng5 40. Nf3 Qxe4 41. Qxe4 Nxe4 42. c6 Nd6 43. Ne5 Kf6 44. c7 Nc8 45. N3c4 Ke7 46. Kf3 Nd7 47. Nc6+ Kf6 48. Kg4 e5 49. Kh5 Ke6 50. Kxh6 Kd5 51. N6a5 Ndb6 52. Nb2 Kd6 53. h4 Ne7 54. Kg5 Nd7 55. h5 Nf8 56. Kf6 Nh7+ 57. Kg7 Ng5 58. Nbc4+ Kxc7 59. g4 Nd5 60. h6 Nf4 61. Nxe5 Kb6 62. Nb3 a5 63. Nf3 Nfe6+ 64. Kf6 a4 65. Na1 Nxf3 1-0

[Event "SEA Rapid 31st"]
[Site "Ha Long"]
[Date "2022.05.16"]
[Round "2.5"]
[White "Garcia, Jan Emmanuel"]
[Black "Laylo, Darwin"]
[Result "1-0"]
[WhiteElo "2403"]
[BlackElo "2428"]
[PlyCount "109"]
[EventDate "2022.05.16"]
[EventType "swiss (rapid)"]
[EventRounds "5"]
[EventCountry "VIE"]
[SourceTitle "CBM 208 Extra"]
[Source "ChessBase"]
[SourceDate "2022.07.31"]
[SourceVersion "1"]
[SourceVersionDate "2022.07.31"]
[SourceQuality "1"]

1. Nf3 d5 2. g3 g6 3. d4 Nf6 4. Bg2 Bg7 5. 0-0 0-0 6. c4 c6 7. b3 a5 8. Nc3 Ne4 9. Bb2 Nxc3 10. Bxc3 Nd7 11. e3 b5 12. cxd5 cxd5 13. Qc2 b4 14. Bd2 Ba6 15. Rfc1 Rc8 16. Qb2 Nc5 17. a3 Nd3 18. Rxc8 Qxc8 19. Qb1 e5 20. axb4 e4 21. Ne1 axb4 22. Bf1 Nxe1 23. Qxe1 Bxf1 24. Qxf1 Qc2 25. Qd1 Qxd1+ 26. Rxd1 Rc8 27. Ra1 Bf8 28. Ra4 Rb8 29. Ra5 Rc8 30. Rb5 h5 31. h4 Kg7 32. Kf1 Kf6 33. Bxb4 Bxb4 34. Rxb4 Rc1+ 35. Kg2 Rb1 36. Rb6+ Ke7 37. Rb7+ Ke6 38. b4 Kf6 39. b5 Ke6 40. Rb6+ Ke7 41. Rb8 Ke6 42. b6 Kd7 43. b7 Ke7 44. g4 hxg4 45. Kg3 Kf6 46. Kf4 Rb2 47. Kxg4 Ke7 48. Kg5 Rb1 49. Kh6 Kf6 50. Kh7 Rb2 51. Kg8 Rb1 52. Kf8 Rb2 53. Ke8 Ke6 54. Kd8 Kd6 55. Ra8 1-0

[Event "Online Olym Div2 A"]
[Site "Chess.com INT"]
[Date "2021.09.03"]
[Round "5.3"]
[White "Garcia, Jan Emmanuel"]
[Black "Taher, Yoseph Theolifus"]
[Result "1/2-1/2"]
[WhiteElo "2411"]
[BlackElo "2455"]
[PlyCount "54"]
[EventDate "2021.09.02"]
[EventType "team (rapid)"]
[EventRounds "9"]
[EventCountry "USA"]
[SourceTitle "CBM 204 Extra"]
[Source "ChessBase"]
[SourceDate "2021.11.30"]
[SourceVersion "1"]
[SourceVersionDate "2021.11.30"]
[SourceQuality "1"]
[WhiteTeam "Philippines"]
[BlackTeam "Indonesia"]
[WhiteTeamCountry "PHI"]
[BlackTeamCountry "INA"]

1. Nf3 c5 2. c4 g6 3. d4 cxd4 4. Nxd4 Nc6 5. e4 Nf6 6. Nc3 Nxd4 7. Qxd4 d6 8. Be2 Bg7 9. Be3 0-0 10. Qd2 Qa5 11. 0-0 Be6 12. Rac1 Rfc8 13. b3 a6 14. Nd5 Qxd2 15. Nxf6+ Bxf6 16. Bxd2 b5 17. cxb5 axb5 18. Rxc8+ Bxc8 19. Bxb5 Rxa2 20. Be3 Rb2 21. Bc4 Be6 22. h3 Kg7 23. Rd1 h6 24. Bxe6 fxe6 25. Rd3 g5 26. g3 Kf7 27. Kg2 Rc2 1/2-1/2

[Event "PHI-ch"]
[Site "Quezon City"]
[Date "2019.11.21"]
[Round "2"]
[White "Gomez, John Paul"]
[Black "Garcia, Jan Emmanuel"]
[Result "1/2-1/2"]
[WhiteElo "2433"]
[BlackElo "2426"]
[PlyCount "60"]
[EventDate "2019.11.20"]
[EventType "tourn"]
[EventRounds "11"]
[EventCountry "PHI"]
[EventCategory "6"]
[SourceTitle "CBM 193 Extra"]
[Source "ChessBase"]
[SourceDate "2020.01.31"]
[SourceVersion "1"]
[SourceVersionDate "2020.01.31"]
[SourceQuality "1"]

1. e4 e5 2. Nf3 Nc6 3. Bb5 Nf6 4. 0-0 Nxe4 5. Re1 Nd6 6. Nxe5 Be7 7. Bf1 Nxe5 8. Rxe5 0-0 9. d4 Bf6 10. Re1 Nf5 11. c3 d5 12. Bf4 c6 13. Nd2 Nh4 14. Bd3 Bf5 15. Bxf5 Nxf5 16. Nf3 Qd7 17. Be5 Be7 18. h3 f6 19. Bh2 Bd6 20. Qd3 Bxh2+ 21. Nxh2 Nd6 22. Nf1 Rfe8 23. Nd2 Rxe1+ 24. Rxe1 Re8 25. Kf1 Rxe1+ 26. Kxe1 Qe6+ 27. Qe2 Kf7 28. Qxe6+ Kxe6 29. Ke2 g5 30. Kd3 h5 1/2-1/2

[Event "Asian Continental blitz op"]
[Site "Xingtai"]
[Date "2019.06.15"]
[Round "2"]
[White "Firouzja, Alireza"]
[Black "Garcia, Jan Emmanuel"]
[Result "1-0"]
[WhiteElo "2682"]
[BlackElo "2413"]
[PlyCount "83"]
[EventDate "2019.06.15"]
[EventType "swiss (blitz)"]
[EventRounds "9"]
[EventCountry "CHN"]
[SourceTitle "CBM 191 Extra"]
[Source "ChessBase"]
[SourceDate "2019.09.30"]
[SourceVersion "1"]
[SourceVersionDate "2019.09.30"]
[SourceQuality "1"]

1. b4 Nf6 2. Bb2 d5 3. e3 Nbd7 4. c4 e6 5. b5 Bd6 6. Nf3 0-0 7. d4 dxc4 8. Bxc4 Nb6 9. Bd3 c5 10. bxc6 bxc6 11. 0-0 Bb7 12. e4 Be7 13. Nbd2 c5 14. e5 Nfd7 15. a4 cxd4 16. a5 Bxf3 17. Nxf3 Nd5 18. Bxd4 Bc5 19. Bxc5 Nxc5 20. Bxh7+ Kxh7 21. Qc2+ Kg8 22. Qxc5 a6 23. Qc4 Qe7 24. Rfc1 Rfb8 25. Nd4 Rb2 26. Nf3 Qa7 27. Qh4 Rb4 28. Rc4 Rxc4 29. Qxc4 Rb8 30. h4 Ne7 31. Rd1 Nd5 32. Ng5 g6 33. h5 gxh5 34. Qh4 Rb2 35. Rf1 f6 36. exf6 Nxf6 37. Nxe6 Qf7 38. Qg3+ Kh8 39. Ng5 Qg6 40. Rc1 Rb1 41. Nf7+ Kg7 42. Qxg6+ 1-0

[Event "Asian Continental blitz op"]
[Site "Xingtai"]
[Date "2019.06.15"]
[Round "3"]
[White "Garcia, Jan Emmanuel"]
[Black "Akash, G."]
[Result "1-0"]
[WhiteElo "2413"]
[BlackElo "2404"]
[PlyCount "79"]
[EventDate "2019.06.15"]
[EventType "swiss (blitz)"]
[EventRounds "9"]
[EventCountry "CHN"]
[SourceTitle "CBM 191 Extra"]
[Source "ChessBase"]
[SourceDate "2019.09.30"]
[SourceVersion "1"]
[SourceVersionDate "2019.09.30"]
[SourceQuality "1"]

1. c4 Nf6 2. g3 g6 3. Bg2 Bg7 4. Nc3 0-0 5. e3 e5 6. Nge2 d6 7. 0-0 c6 8. d4 Nbd7 9. h3 Re8 10. b3 Nf8 11. e4 N6d7 12. Be3 a5 13. Qd2 exd4 14. Nxd4 Ne6 15. Rad1 Ndc5 16. Nxe6 Bxe6 17. Bh6 Bxh6 18. Qxh6 Qf6 19. Qe3 a4 20. Rxd6 Qe5 21. Rdd1 axb3 22. f4 Qg7 23. e5 Qf8 24. axb3 Nxb3 25. Ne4 Qb4 26. Nf6+ Kg7 27. f5 Red8 28. fxe6 fxe6 29. Nh5+ Kg8 30. Rxd8+ Rxd8 31. Qg5 Rf8 32. Nf6+ Kg7 33. Qh4 h6 34. Qf4 Nd2 35. Rd1 Rd8 36. Nh5+ Kg8 37. Qf6 Nf3+ 38. Bxf3 Rxd1+ 39. Bxd1 Qe1+ 40. Qf1 1-0

[Event "Asian Continental blitz op"]
[Site "Xingtai"]
[Date "2019.06.15"]
[Round "9"]
[White "Garcia, Jan Emmanuel"]
[Black "Harshavardhan, GB."]
[Result "1-0"]
[WhiteElo "2413"]
[BlackElo "2406"]
[PlyCount "163"]
[EventDate "2019.06.15"]
[EventType "swiss (blitz)"]
[EventRounds "9"]
[EventCountry "CHN"]
[SourceTitle "CBM 191 Extra"]
[Source "ChessBase"]
[SourceDate "2019.09.30"]
[SourceVersion "1"]
[SourceVersionDate "2019.09.30"]
[SourceQuality "1"]

1. c4 Nf6 2. g3 e6 3. Nf3 d5 4. Bg2 d4 5. 0-0 c5 6. e3 Nc6 7. exd4 cxd4 8. d3 Be7 9. Na3 0-0 10. Re1 Nd7 11. Nc2 e5 12. Rb1 a5 13. b3 f6 14. a3 Nc5 15. b4 Na4 16. Bd2 axb4 17. axb4 Bf5 18. b5 Nb8 19. Nfxd4 exd4 20. Bxb7 Ra7 21. Bd5+ Kh8 22. Nxd4 Bxd3 23. Ne6 Qc8 24. Be3 Bxb1 25. Bxa7 Nc3 26. Qg4 Rg8 27. Bxb8 Qxb8 28. Rxb1 Nxb1 29. Nf4 g5 30. Bxg8 Qxg8 31. Nd5 Bd6 32. Qf5 Qg6 33. Qc8+ Qg8 34. Qxg8+ Kxg8 35. Nxf6+ Kf7 36. Ne4 Bb8 37. c5 Na3 38. b6 Nb5 39. c6 h6 40. Nc3 Nd6 41. c7 Bxc7 42. bxc7 Ke6 43. Nb5 Nc8 44. Kg2 Kd7 45. Kf3 Kc6 46. Nd4+ Kxc7 47. Nf5 Kd7 48. Nxh6 Ke6 49. Kg4 Nd6 50. Kxg5 Ne4+ 51. Kf4 Nxf2 52. Ng4 Nh3+ 53. Kf3 Ng5+ 54. Kg2 Kf5 55. Ne3+ Ke4 56. Nc4 Ne6 57. Nd2+ Kf5 58. h3 Nd4 59. Kf2 Nc6 60. Ke3 Ne7 61. g4+ Kf6 62. h4 Ng6 63. Nf3 Nf8 64. Kf4 Ne6+ 65. Ke4 Nc5+ 66. Ke3 Ne6 67. Nd4 Nc7 68. Ke4 Ne8 69. Kf4 Ng7 70. h5 Ne8 71. g5+ Kf7 72. Ke5 Ng7 73. g6+ Kg8 74. h6 Nh5 75. Nf5 Kh8 76. Ne7 Nf6 77. Nf5 Ng8 78. Kf4 Ne7 79. Kg5 Nd5 80. Nd6 Kg8 81. h7+ Kg7 82. Nf7 1-0